Financie miestnej samosprávy

Prideľovanie finančných prostriedkov miestnym samosprávam. Zdroje financovania miestnej samosprávy - bežné výdavky, investičné výdavky.

Guardado en:
Detalles Bibliográficos
Autor principal: Schultzová, Anna
Formato: Capítulo de libro
Lenguaje:eslovaco
Materias:
Etiquetas: Agregar Etiqueta
Sin Etiquetas, Sea el primero en etiquetar este registro!

MARC

LEADER 00000naa$a2200000$$$4500
001 0005408
005 20221207121708.4
041 0 |a slo 
044 |a SK 
245 1 0 |a Financie miestnej samosprávy  |c aut. Anna Schultzová 
520 |a Prideľovanie finančných prostriedkov miestnym samosprávam. Zdroje financovania miestnej samosprávy - bežné výdavky, investičné výdavky. 
610 2 0 |a politika regionálna 
610 2 0 |a financovanie 
610 2 0 |a zdroje finančné 
100 1 |a Schultzová, Anna